Los movisimos en literatura
Salvato in:
| Autore principale: | |
|---|---|
| Natura: | Sconosciuto |
| Pubblicazione: |
Colombia:
Universidad de Medellín,
|
| Soggetti: | |
| Tags: |
Aggiungi Tag
Nessun Tag, puoi essere il primo ad aggiungerne!!
|
MARC
| LEADER | 000000000a22000000004500 | ||
|---|---|---|---|
| 001 | 000108 | ||
| 022 | |a 0864-0475 | ||
| 100 | 1 | |a Restrepo, Saturnino | |
| 245 | 1 | 0 | |a Los movisimos en literatura |
| 260 | |a Colombia: |b Universidad de Medellín, | ||
| 310 | |a mensual | ||
| 650 | 4 | |a SILVA, JOSE ASUNCION | |
| 650 | 4 | |a PLENO PRECIOSISMO | |
| 650 | 4 | |a LITERATURA COLOMBIANA | |
| 650 | 4 | |a POESIA | |
| 773 | 0 | |t Con-Textos: Revista de Semiótica Literaria | |
| 773 | 0 | |g 3 | |
| 773 | 0 | |g 8 | |
| 773 | 0 | |g 1996 | |
| 773 | 0 | |g 7-13 | |
| 999 | |c 876 |d 876 | ||
